000 00444ntaaa2200157 4500
003 01
005 20251027201931.0
008 0714s1973 ag 01
040 _aAR-BaBN
_bspa
_cAR-BaBN
_eaacr
_dRIC
082 _a244.5000 C76
245 _aDramatizaciones
250 _a1 ed.
260 _aBuenos Aires :
_bConsejo Metodista de Educación Cristiana,
_c1955
500 _a11 dramas para Navidad, familia, Pascuas, Hijo Pródigo, etc.
942 _cBK
999 _c14051
_d14051